Mimesis: la representación de la realidad en la literatura occidental

Na minha lista:
Detalhes bibliográficos
Autor principal: Auerbach, Erich (Autor)
Formato: Livro
Idioma:espanhol
Publicado em: Ciudad de México Fondo de Cultura Económica 1950
Edição:1a. ed
coleção:Sección de Lengua y Estudios Literarios
Assuntos:
Tags: Adicionar Tag
Sem tags, seja o primeiro a adicionar uma tag!

MARC

LEADER 00000cam a2200000 a 4500
001 UCX4963
003 CL-VaPUC
008 920818e19500000MX |||||||||||||||||spa|d
020 |a 9789681602826 
082 0 4 |a 809.3  |b AUE  |2 21 
100 0 |a Auerbach, Erich  |e author  |9 321253 
245 1 0 |a Mimesis: la representación de la realidad en la literatura occidental 
250 |a 1a. ed 
300 |a 531 p 
942 |c BK 
945 |d 19920818 00:00:00 
260 |a Ciudad de México  |b Fondo de Cultura Económica  |c 1950 
650 0 |a Crítica literaria   |9 269189 
650 7 |a LITERATURA HISTORIA Y CRITICA  |2 CL-VaPUC  |9 321254 
583 |a last modification  |c 20140604 02:32:40  |k Rodrigo Vera 
490 0 |a Sección de Lengua y Estudios Literarios 
999 |c 225324  |d 225322 
952 |0 0  |1 0  |4 0  |6 809_300000000000000_AUE_1950  |7 0  |8 A  |9 222742  |a BIBEDU  |b BIBEDU  |d 2019-11-15  |i 2915294  |o 809.3 AUE 1950  |p 2915294  |r 2019-11-15  |w 2019-11-15  |y BK  |k LIT 
952 |0 0  |1 0  |4 0  |6 809_300000000000000_AUE_1950  |7 0  |8 A  |9 222743  |a BIBEDU  |b BIBEDU  |d 2019-11-15  |i 2915308  |o 809.3 AUE 1950  |p 2915308  |r 2019-11-15  |w 2019-11-15  |y BK  |k LIT 
952 |0 0  |1 0  |3 erb  |4 0  |6 809_300000000000000_AUE_1950  |7 0  |8 A  |9 222744  |a BIBART  |b BIBART  |i 5082706  |l 2  |m 1  |o 809.3 AUE 1950  |p 5082706  |r 2025-03-13  |s 2024-04-17  |w 2019-11-15  |y BK  |z Catalogado en:20140605  |k ART